000 01021nam a2200277 i 4500
001 105477
003 ES-MaACL
005 20250913063052.0
007 t|
008 060719s1955 sp ||||1| spa d
040 _cES-MaACL
080 _a929 Felipe (460) IV
080 _a394.012(460)"16"
100 1 _aDeleito y Piñuela, José,
_d1879-1957
_943365
_eaut
245 1 3 _aEl rey se divierte :
_b(recuerdos de hace tres siglos) /
_cJosé Deleito y Piñuela.
250 _aSegunda edición
260 _aMadrid :
_bEspasa-Calpe,
_c1955.
300 _a318 páginas, [7] hojas de láminas :
_bilustrado blanco y negro ;
_c22 cm.
600 0 4 _aFelipe
_bIV,
_cRey de España
_949181
650 1 4 _aCorte y cortesanos-
_zEspaña-
_yS.XVII
_911384
852 _aES-MaACL
_jAND-278
_bR.109595
_z
_cDEPO2
_9109446
_hDonación: Biblioteca Juan Andrade
852 _aES-MaACL
_jC-35946
_9109445
_cDEPO2
942 _cMONOGRAFIA
_n0
999 _c105477
_d105477